00356 2200145 4500001002100000005001500021035002000036245006100056100001900117300001100136260002900147082000800176084001400184990001200198INLIS00000000000198320250527081752 a0010-05250002751 aDaily Japanese Dan English Exspression /cLaibun Sami'un0 aLaibun Sami'un a66 hlm bPustaka Widyatama,c2006 a400 a400 LAI d a0713271